| 000 | 00683nam a22002057a 4500 | ||
|---|---|---|---|
| 001 | 200464361 | ||
| 003 | TR-AnTOB | ||
| 005 | 20250505133023.0 | ||
| 008 | 250505d tu fr||| 0 0 tur d | ||
| 040 |
_aTR-AnTOB _beng _erda _cTR-AnTOB |
||
| 222 | 0 | _aYöneylem araştırması dergisi | |
| 245 | 0 | 0 | _aYöneylem araştırması dergisi = Transactions on operational research. |
| 264 |
_aİstanbul : _bYöneylem Araştırması Derneği, _c1980- |
||
| 336 |
_atext _btxt _2rdacontent |
||
| 337 |
_aunmediated _bn _2rdamedia |
||
| 338 |
_avolume _bnc _2rdacarrier |
||
| 590 | _aLibrary has 1993-1996,1-2. 1998-2000,1-2. 2002-2004,1-2. | ||
| 942 |
_2lcc _cCR |
||
| 999 |
_c200464361 _d82573 |
||